[Event "Titled Tuesday intern op 16th Apr Early"]
[Site "Chess.com INT"]
[Date "2024.04.16"]
[Round "5"]
[White "Aranda, Juan Manuel"]
[Black "Jaskolka, Tomasz"]
[Result "0-1"]
[WhiteElo "2102"]
[BlackElo "2241"]
[PlyCount "40"]
[EventDate "2024.04.16"]
[EventType "swiss (blitz)"]
[EventRounds "11"]
[EventCountry "USA"]
[SourceTitle "CB17_2024"]
[SourceDate "2024.04.24"]
[SourceVersion "1"]
[SourceVersionDate "2024.04.24"]
[SourceQuality "1"]

1. Nf3 d5 2. g3 Nf6 3. Bg2 Bf5 4. 0-0 e6 5. d3 c6 6. c4 h6 7. cxd5 exd5 8. Nd4 Bh7 9. e4 Be7 10. e5 Nfd7 11. Qg4 Nxe5 12. Qxg7 Bf6 13. Qxh6 Bxd3 14. Qe3 Bxf1 15. Bxf1 Qb6 16. f4 Qxd4 17. fxe5 Bxe5 18. Nc3 Qxe3+ 19. Bxe3 d4 20. Bf2 dxc3 0-1

[Event "Titled Tuesday intern op 12th Mar Early"]
[Site "Chess.com INT"]
[Date "2024.03.12"]
[Round "8"]
[White "Cueto, Jose"]
[Black "Jaskolka, Tomasz"]
[Result "1-0"]
[WhiteElo "2099"]
[BlackElo "2241"]
[PlyCount "55"]
[EventDate "2024.03.12"]
[EventType "swiss (blitz)"]
[EventRounds "11"]
[EventCountry "USA"]
[SourceTitle "CB12_2024"]
[SourceDate "2023.10.01"]
[SourceVersion "1"]
[SourceVersionDate "2023.10.01"]
[SourceQuality "1"]

1. d4 e6 2. Bf4 f5 3. e3 Nf6 4. Nf3 Be7 5. Nbd2 0-0 6. Bd3 d6 7. c3 Qe8 8. Qb3 Kh8 9. 0-0-0 a5 10. h3 a4 11. Qc2 b5 12. g4 Bb7 13. gxf5 b4 14. cxb4 Nd5 15. a3 Nxf4 16. exf4 exf5 17. Rhg1 Qf7 18. Ng5 Bxg5 19. Rxg5 Nc6 20. Rxf5 Qa2 21. Rh5 h6 22. Bc4 Qa1+ 23. Nb1 Rxf4 24. Qg6 d5 25. Rxh6+ gxh6 26. Qxh6+ Kg8 27. Bxd5+ Rf7 28. Rg1# 1-0

[Event "Titled Tuesday intern op 12th Mar Early"]
[Site "Chess.com INT"]
[Date "2024.03.12"]
[Round "1"]
[White "Jaskolka, Tomasz"]
[Black "Le, Tuan Minh"]
[Result "0-1"]
[WhiteElo "2241"]
[BlackElo "2567"]
[PlyCount "64"]
[EventDate "2024.03.12"]
[EventType "swiss (blitz)"]
[EventRounds "11"]
[EventCountry "USA"]
[SourceTitle "CB12_2024"]
[SourceDate "2023.10.01"]
[SourceVersion "1"]
[SourceVersionDate "2023.10.01"]
[SourceQuality "1"]

1. d4 d5 2. Nc3 Nf6 3. Bf4 a6 4. e3 b5 5. a3 Bb7 6. Nf3 e6 7. b4 Bd6 8. Ne5 0-0 9. Bd3 Ne4 10. Ne2 Nd7 11. Nxd7 Qxd7 12. f3 Bxf4 13. Nxf4 Nd6 14. 0-0 Rfe8 15. Qe1 e5 16. Qh4 g6 17. Nh3 Qe7 18. Ng5 f6 19. Nh3 a5 20. Rae1 axb4 21. axb4 Ra4 22. dxe5 fxe5 23. Qh6 Nf7 24. Bxb5 Nxh6 25. Bxa4 Ra8 26. Bb3 Qxb4 27. e4 c6 28. exd5 cxd5 29. Ng5 Nf5 30. Ne4 Kg7 31. Ng3 Nd4 32. Rxe5 Nxb3 0-1

[Event "Titled Tuesday intern op 13th Feb Early"]
[Site "Chess.com INT"]
[Date "2024.02.13"]
[Round "1"]
[White "Chandra, Vania Vindy"]
[Black "Jaskolka, Tomasz"]
[Result "0-1"]
[WhiteElo "1794"]
[BlackElo "2241"]
[PlyCount "54"]
[EventDate "2024.02.13"]
[EventType "swiss (blitz)"]
[EventRounds "11"]
[EventCountry "USA"]
[SourceTitle "CB08_2024"]
[SourceDate "2024.02.21"]
[SourceVersion "1"]
[SourceVersionDate "2024.02.21"]
[SourceQuality "1"]

1. d4 e6 2. a3 f5 3. c4 Nf6 4. Nc3 Be7 5. Nf3 0-0 6. Bf4 b6 7. e3 Bb7 8. Be2 d6 9. 0-0 h6 10. Bg3 Nbd7 11. Nh4 Qe8 12. d5 g5 13. dxe6 gxh4 14. exd7 Qg6 15. Bf3 Bxf3 16. Qxf3 hxg3 17. fxg3 Rad8 18. Qxf5 Qxf5 19. Rxf5 Nxd7 20. Rxf8+ Rxf8 21. Nd5 Bd8 22. b4 c6 23. Nf4 Bf6 24. Rd1 Be5 25. Ng6 Re8 26. Nxe5 Nxe5 27. Rxd6 Kg7 0-1

[Event "Titled Tuesday intern op 13th Feb Early"]
[Site "Chess.com INT"]
[Date "2024.02.13"]
[Round "7"]
[White "Jaskolka, Tomasz"]
[Black "Bartel, Mateusz"]
[Result "0-1"]
[WhiteElo "2241"]
[BlackElo "2660"]
[PlyCount "76"]
[EventDate "2024.02.13"]
[EventType "swiss (blitz)"]
[EventRounds "11"]
[EventCountry "USA"]
[SourceTitle "CB08_2024"]
[SourceDate "2024.02.21"]
[SourceVersion "1"]
[SourceVersionDate "2024.02.21"]
[SourceQuality "1"]

1. e4 e6 2. Nf3 d5 3. e5 c5 4. b4 cxb4 5. a3 Nc6 6. axb4 Bxb4 7. c3 Be7 8. d4 f6 9. exf6 Nxf6 10. Bd3 0-0 11. 0-0 Bd6 12. Ba3 a6 13. Re1 Bxa3 14. Nxa3 Bd7 15. Qb1 Qc7 16. Ng5 h6 17. Nxe6 Bxe6 18. Rxe6 Ng4 19. g3 Qf7 20. Re2 Nxf2 21. Bh7+ Kh8 22. Qf1 Nh3+ 23. Qxh3 Kxh7 24. Rae1 Qf3 25. Nb1 Rf6 26. Nd2 Qd3 27. Qh5 Rf5 28. Qh3 Raf8 29. Nf1 Qxc3 30. Ne3 Qxd4 31. Qg2 Re5 32. Kh1 Rfe8 33. Qf3 Qe4 34. Kg2 Qxf3+ 35. Kxf3 Nd4+ 36. Kf4 Nxe2+ 37. Rxe2 Re4+ 38. Kf5 Rxe3 0-1

[Event "Titled Tuesday intern op 06th Feb Late"]
[Site "Chess.com INT"]
[Date "2024.02.06"]
[Round "11"]
[White "Gallasch, Jonas"]
[Black "Jaskolka, Tomasz"]
[Result "1/2-1/2"]
[WhiteElo "2283"]
[BlackElo "2241"]
[PlyCount "138"]
[EventDate "2024.02.06"]
[EventType "swiss (blitz)"]
[EventRounds "11"]
[EventCountry "USA"]
[SourceTitle "CB07_2024"]
[SourceDate "2024.02.14"]
[SourceVersion "1"]
[SourceVersionDate "2024.02.14"]
[SourceQuality "1"]

1. d4 d5 2. c4 e5 3. dxe5 d4 4. a3 Nc6 5. Nf3 a5 6. e3 Bc5 7. exd4 Bxd4 8. Be2 Bf5 9. 0-0 Bxe5 10. Nxe5 Nxe5 11. Bf4 Qe7 12. Bxe5 Qxe5 13. Re1 Rd8 14. Bd3 Be4 15. Nc3 f5 16. Nxe4 fxe4 17. Rxe4 Qxe4 18. Bxe4 Rxd1+ 19. Rxd1 c6 20. Rd3 Nf6 21. Bf3 0-0 22. Kf1 Re8 23. b4 axb4 24. axb4 Kf7 25. b5 cxb5 26. cxb5 Re5 27. Rb3 b6 28. Bc6 Ke7 29. Ra3 Kd6 30. Ra6 Kc5 31. Ra7 g6 32. Rf7 Ne4 33. Bxe4 Rxe4 34. Rxh7 Kxb5 35. Rh6 g5 36. Rh5 Re5 37. h4 Kc4 38. Rxg5 Re4 39. h5 b5 40. f3 Rh4 41. Rg4+ Rxg4 42. fxg4 b4 43. h6 b3 44. h7 b2 45. h8Q b1Q+ 46. Kf2 Kd5 47. Qd8+ Ke5 48. Qe7+ Kf4 49. g3+ Kxg4 50. Qg7+ Kh5 51. g4+ Kh4 52. Qh6+ Kxg4 53. Qg7+ Kf4 54. Qf7+ Ke5 55. Qe7+ Kd4 56. Qf6+ Kd5 57. Qf7+ Kd6 58. Qf8+ Kd7 59. Qg7+ Ke6 60. Qh6+ Ke5 61. Qh8+ Kf4 62. Qh6+ Kg4 63. Qg7+ Kf4 64. Qg3+ Kf5 65. Qh3+ Kf6 66. Qh8+ Kf7 67. Qh5+ Kg7 68. Qg4+ Qg6 69. Qxg6+ Kxg6 1/2-1/2

[Event "Titled Tuesday intern op 06th Feb Early"]
[Site "Chess.com INT"]
[Date "2024.02.06"]
[Round "4"]
[White "Harsha, Bharathakoti"]
[Black "Jaskolka, Tomasz"]
[Result "1-0"]
[WhiteElo "2562"]
[BlackElo "2241"]
[PlyCount "95"]
[EventDate "2024.02.06"]
[EventType "swiss (blitz)"]
[EventRounds "11"]
[EventCountry "USA"]
[SourceTitle "CB07_2024"]
[SourceDate "2024.02.14"]
[SourceVersion "1"]
[SourceVersionDate "2024.02.14"]
[SourceQuality "1"]

1. Nf3 d5 2. e3 Nf6 3. c4 c6 4. Nc3 e6 5. b3 Bd6 6. Bb2 Nbd7 7. Be2 b6 8. Rc1 Bb7 9. cxd5 exd5 10. d4 0-0 11. 0-0 Qe7 12. Re1 Rac8 13. Bf1 Ne4 14. Nxe4 Qxe4 15. Bd3 Qg4 16. e4 Rfe8 17. e5 Bb4 18. Re3 Nf8 19. h3 Qh5 20. Rc2 c5 21. a3 Ba5 22. Rc1 Ne6 23. Be2 Qh6 24. Bf1 cxd4 25. Nxd4 Nxd4 26. Bxd4 Rxc1 27. Qxc1 Rc8 28. Qd1 b5 29. Bxb5 Bb6 30. Re1 Bxd4 31. Qxd4 Qg6 32. Bd3 Qg5 33. Qxa7 Bc6 34. Qe3 Qe7 35. b4 g6 36. Rc1 Bb7 37. Rxc8+ Bxc8 38. Qc5 Qe8 39. Qxd5 Be6 40. Qc5 Qd8 41. Be4 Qd1+ 42. Kh2 Qe2 43. Bf3 Qd2 44. b5 Qb2 45. b6 Kg7 46. b7 h5 47. Qd6 Qxa3 48. Qxa3 1-0

[Event "Titled Tuesday intern op 06th Feb Late"]
[Site "Chess.com INT"]
[Date "2024.02.06"]
[Round "6"]
[White "Jaskolka, Tomasz"]
[Black "Bueno, Alfeu Varela Jr"]
[Result "1-0"]
[WhiteElo "2241"]
[BlackElo "2155"]
[PlyCount "99"]
[EventDate "2024.02.06"]
[EventType "swiss (blitz)"]
[EventRounds "11"]
[EventCountry "USA"]
[SourceTitle "CB07_2024"]
[SourceDate "2024.02.14"]
[SourceVersion "1"]
[SourceVersionDate "2024.02.14"]
[SourceQuality "1"]

1. e4 e6 2. Nf3 d5 3. e5 c5 4. b4 Nc6 5. bxc5 d4 6. Bb5 Bxc5 7. Ba3 Qb6 8. Bxc5 Qxc5 9. Bxc6+ bxc6 10. 0-0 d3 11. cxd3 Ne7 12. d4 Qa5 13. Nc3 0-0 14. Qa4 Qc7 15. Ne4 Bd7 16. Nc5 Nd5 17. Rab1 Bc8 18. Rfc1 Nb6 19. Qc2 Rb8 20. Ng5 g6 21. Nge4 Nd5 22. Nd6 Rb6 23. Nce4 f5 24. Nc5 Nf4 25. Qd1 Ba6 26. Nxa6 Rxa6 27. Rc2 Rb6 28. Rbc1 Rfb8 29. Qf3 Nd5 30. g3 Rb1 31. Kg2 Rxc1 32. Rxc1 Rb2 33. Qd3 Rxa2 34. Rb1 Qa5 35. Rb8+ Kg7 36. Rb7+ Kg8 37. Nc4 Qa6 38. Qb3 Ra1 39. Rd7 Qc8 40. Qb7 Qxb7 41. Rxb7 Rc1 42. Nd6 Rc2 43. Rxa7 Rxd2 44. Ra4 Ne3+ 45. Kf3 Nc2 46. Ra8+ Kg7 47. Ra7+ Kh6 48. Nf7+ Kh5 49. h3 h6 50. g4+ 1-0

[Event "Titled Tuesday intern op 06th Feb Early"]
[Site "Chess.com INT"]
[Date "2024.02.06"]
[Round "3"]
[White "Jaskolka, Tomasz"]
[Black "Evdokimov, Alexey2"]
[Result "1-0"]
[WhiteElo "2241"]
[BlackElo "2227"]
[PlyCount "61"]
[EventDate "2024.02.06"]
[EventType "swiss (blitz)"]
[EventRounds "11"]
[EventCountry "USA"]
[SourceTitle "CB07_2024"]
[SourceDate "2024.02.14"]
[SourceVersion "1"]
[SourceVersionDate "2024.02.14"]
[SourceQuality "1"]

1. e4 e6 2. Nf3 d5 3. e5 c5 4. b4 cxb4 5. a3 bxa3 6. d4 Bd7 7. c3 Ne7 8. Bd3 Nf5 9. Nxa3 Nc6 10. Nc2 Rc8 11. Ne3 Nxe3 12. fxe3 Na5 13. Bd2 Nc4 14. Rxa7 Qb6 15. Ra1 Be7 16. 0-0 f5 17. exf6 Bxf6 18. Qc2 Nxd2 19. Nxd2 Bb5 20. Qb3 0-0 21. Bxb5 Bg5 22. c4 dxc4 23. Nxc4 Qc7 24. Ne5 Kh8 25. Bc4 Qd6 26. Bxe6 Bxe3+ 27. Qxe3 Qxe6 28. Nf7+ Qxf7 29. Rxf7 Rxf7 30. Rc1 Re8 31. Qxe8+ 1-0

[Event "Titled Tuesday intern op 06th Feb Late"]
[Site "Chess.com INT"]
[Date "2024.02.06"]
[Round "3"]
[White "Jaskolka, Tomasz"]
[Black "Golubovic, Erik"]
[Result "1-0"]
[WhiteElo "2241"]
[BlackElo "2025"]
[PlyCount "165"]
[EventDate "2024.02.06"]
[EventType "swiss (blitz)"]
[EventRounds "11"]
[EventCountry "USA"]
[SourceTitle "CB07_2024"]
[SourceDate "2024.02.14"]
[SourceVersion "1"]
[SourceVersionDate "2024.02.14"]
[SourceQuality "1"]

1. e4 c5 2. Nf3 d6 3. Bb5+ Bd7 4. c4 g6 5. Nc3 Bg7 6. d3 Nf6 7. 0-0 0-0 8. Re1 Bg4 9. h3 Bxf3 10. Qxf3 a6 11. Ba4 Nbd7 12. Bc2 Ne5 13. Qe2 Nc6 14. Be3 Nd7 15. Qd2 Nd4 16. Ne2 Nxe2+ 17. Rxe2 b5 18. Rb1 bxc4 19. dxc4 Ne5 20. b3 Nc6 21. Ree1 Nd4 22. Bd3 a5 23. Bf1 e6 24. Bf4 Qb6 25. e5 dxe5 26. Bxe5 Bxe5 27. Rxe5 Qd6 28. Qe3 Rfd8 29. Re4 a4 30. g3 axb3 31. axb3 Rab8 32. Bg2 Rb4 33. Qh6 Qf8 34. Qg5 Rdb8 35. Re3 Rxb3 36. Rexb3 Rxb3 37. Rxb3 Nxb3 38. h4 h5 39. Be4 Nd4 40. Kg2 Kg7 41. Qe5+ Kg8 42. Qf6 Qd6 43. Bxg6 fxg6 44. Qxg6+ Kf8 45. Qh6+ Ke7 46. Qxh5 Qc6+ 47. Kh2 Nf3+ 48. Kh3 Nd4 49. Qh7+ Kd6 50. h5 Qh1+ 51. Kg4 Qf3+ 52. Kh3 Nf5 53. Qf7 Qh1+ 54. Kg4 Qe4+ 55. Kg5 Qe5 56. Qf8+ Ne7+ 57. Kg4 Qe4+ 58. Qf4+ Qxf4+ 59. Kxf4 Nf5 60. g4 Ng7 61. h6 Ne8 62. h7 Nf6 63. h8Q Nd7 64. Qd8 Kc6 65. Qc8+ Kd6 66. g5 Ke7 67. Qc7 e5+ 68. Kf5 Ke8 69. Qxd7+ Kxd7 70. Kxe5 Kc6 71. Ke6 Kb6 72. g6 Ka5 73. g7 Kb4 74. g8Q Kc3 75. Kd6 Kd4 76. Qd5+ Kc3 77. Qxc5 Kb3 78. Kd5 Kc3 79. Qd4+ Kb3 80. c5 Kc2 81. Qe3 Kb2 82. Qd3 Ka2 83. Qc3 1-0

[Event "Titled Tuesday intern op 06th Feb Late"]
[Site "Chess.com INT"]
[Date "2024.02.06"]
[Round "2"]
[White "Jaskolka, Tomasz"]
[Black "Kuzubov, Yuriy"]
[Result "0-1"]
[WhiteElo "2241"]
[BlackElo "2605"]
[PlyCount "108"]
[EventDate "2024.02.06"]
[EventType "swiss (blitz)"]
[EventRounds "11"]
[EventCountry "USA"]
[SourceTitle "CB07_2024"]
[SourceDate "2024.02.14"]
[SourceVersion "1"]
[SourceVersionDate "2024.02.14"]
[SourceQuality "1"]

1. d4 g6 2. Nc3 Bg7 3. e4 d6 4. Bf4 e5 5. dxe5 dxe5 6. Qxd8+ Kxd8 7. Bg5+ f6 8. Be3 Be6 9. 0-0-0+ Nd7 10. Nf3 c6 11. Nd2 Kc7 12. Bc4 Re8 13. f3 Bh6 14. Bxh6 Nxh6 15. Bxe6 Rxe6 16. Nc4 b5 17. Ne3 Nb6 18. Rd3 Nf7 19. Rhd1 Rd6 20. Ng4 Rf8 21. b3 h5 22. Ne3 Rxd3 23. Rxd3 Ng5 24. a4 a6 25. Kb2 h4 26. Ng4 Nd7 27. g3 b4 28. Ne2 hxg3 29. hxg3 Rh8 30. Kc1 Rh1+ 31. Kd2 Rf1 32. f4 Nxe4+ 33. Ke3 Ndc5 34. fxe5 Nxd3 35. cxd3 Nc3 36. exf6 Nd5+ 37. Kd4 Nxf6 38. Ne5 Re1 39. Nf4 c5+ 40. Kxc5 Rxe5+ 41. Kxb4 Nd5+ 42. Kc4 Nxf4 43. gxf4 Rf5 44. b4 Rxf4+ 45. Kc5 Rf5+ 46. Kc4 g5 47. d4 g4 48. b5 axb5+ 49. axb5 g3 50. d5 g2 51. b6+ Kxb6 52. d6 g1Q 53. d7 Kc7 54. d8Q+ Kxd8 0-1

[Event "Titled Tuesday intern op 06th Feb Late"]
[Site "Chess.com INT"]
[Date "2024.02.06"]
[Round "10"]
[White "Jaskolka, Tomasz"]
[Black "Marchesich, Giovanni"]
[Result "0-1"]
[WhiteElo "2241"]
[BlackElo "2210"]
[PlyCount "116"]
[EventDate "2024.02.06"]
[EventType "swiss (blitz)"]
[EventRounds "11"]
[EventCountry "USA"]
[SourceTitle "CB07_2024"]
[SourceDate "2024.02.14"]
[SourceVersion "1"]
[SourceVersionDate "2024.02.14"]
[SourceQuality "1"]

1. e4 g6 2. d4 Bg7 3. Nc3 a6 4. a4 d6 5. Nf3 Nd7 6. Bc4 e6 7. Bg5 Ne7 8. Qd2 h6 9. Be3 b6 10. d5 e5 11. 0-0 Nc5 12. b4 Nd7 13. a5 b5 14. Bd3 Nf6 15. h3 Nh5 16. Ne2 f5 17. Qc3 0-0 18. Ng3 Nf4 19. Qb3 fxe4 20. Bxe4 g5 21. Nh2 h5 22. Bxf4 Rxf4 23. Qd3 Qe8 24. f3 Qf7 25. Ne2 Rf6 26. g4 Bb7 27. Rad1 Rf8 28. Kg2 Ng6 29. Bxg6 Rxg6 30. Ng3 h4 31. Ne4 Bf6 32. c4 bxc4 33. Qxc4 Bd8 34. Rf2 Qf4 35. Nf1 Rg7 36. Qd3 Rgf7 37. Qe3 Bf6 38. Qxf4 exf4 39. Nxf6+ Rxf6 40. Rc2 R8f7 41. Rd4 Re7 42. Kf2 Rf8 43. Nd2 Kg7 44. Ne4 Kg6 45. Rdc4 Bxd5 46. Rxc7 Bxe4 47. fxe4 Rxe4 48. Rd7 Rd4 49. Rc6 Rf6 50. Rcc7 Re6 51. Rg7+ Kf6 52. Rcf7+ Ke5 53. Rxg5+ Ke4 54. Rgf5 Rd2+ 55. Ke1 Kd3+ 56. Kf1 Rd1+ 57. Kg2 Re2+ 58. Kf3 Rf1# 0-1

[Event "Titled Tuesday intern op 06th Feb Early"]
[Site "Chess.com INT"]
[Date "2024.02.06"]
[Round "6"]
[White "Jaskolka, Tomasz"]
[Black "Matveeva, Olga"]
[Result "1-0"]
[WhiteElo "2241"]
[BlackElo "2156"]
[PlyCount "141"]
[EventDate "2024.02.06"]
[EventType "swiss (blitz)"]
[EventRounds "11"]
[EventCountry "USA"]
[SourceTitle "CB07_2024"]
[SourceDate "2024.02.14"]
[SourceVersion "1"]
[SourceVersionDate "2024.02.14"]
[SourceQuality "1"]

1. e4 c6 2. d4 d5 3. e5 c5 4. dxc5 e6 5. a3 Bxc5 6. b4 Be7 7. Bb2 f6 8. Nf3 a5 9. b5 Nd7 10. Bd3 fxe5 11. Nxe5 Ngf6 12. Qf3 0-0 13. Qh3 Nc5 14. 0-0 Nxd3 15. cxd3 d4 16. Nd2 Qd5 17. Ndc4 Qxb5 18. Bxd4 Ra6 19. Ne3 Rd6 20. Rab1 Qe8 21. Bc5 Rd8 22. Bb6 Bxa3 23. Bxa5 Rd4 24. Bc3 Ra4 25. N3c4 Bc5 26. Nb6 Ra3 27. Nxc8 Rxc3 28. Nb6 Nd5 29. Nxd5 exd5 30. Nd7 Rxf2 31. Nxc5 Rxf1+ 32. Rxf1 Rxc5 33. Qf5 Rc2 34. d4 Re2 35. Qxd5+ Kh8 36. Qxb7 Re1 37. Qf3 h6 38. h3 Re2 39. d5 Rd2 40. Kh1 Qd8 41. Rd1 Ra2 42. Kh2 Qd6+ 43. Kh1 Ra8 44. Qe4 Rd8 45. Rd2 Rf8 46. Kg1 Rd8 47. Qd4 Rf8 48. Re2 Rd8 49. Re5 Rf8 50. Qe4 Rd8 51. Kh2 Rf8 52. Kg1 Rd8 53. Kh1 Rf8 54. Re8 Rxe8 55. Qxe8+ Kh7 56. Qe4+ Kh8 57. Kg1 Qc5+ 58. Kf1 Qc1+ 59. Ke2 Qb2+ 60. Kf3 Qc3+ 61. Kg4 Qc8+ 62. Qe6 Qc4+ 63. Kf5 Qd3+ 64. Ke5 Qe2+ 65. Kd6 Qa6+ 66. Ke7 Qb7+ 67. Qd7 Qb4+ 68. d6 Qe4+ 69. Qe6 Qb7+ 70. d7 Qb4+ 71. Ke8 1-0

[Event "Titled Tuesday intern op 06th Feb Early"]
[Site "Chess.com INT"]
[Date "2024.02.06"]
[Round "1"]
[White "Rian, Kapriaga"]
[Black "Jaskolka, Tomasz"]
[Result "0-1"]
[WhiteElo "2089"]
[BlackElo "2241"]
[PlyCount "70"]
[EventDate "2024.02.06"]
[EventType "swiss (blitz)"]
[EventRounds "11"]
[EventCountry "USA"]
[SourceTitle "CB07_2024"]
[SourceDate "2024.02.14"]
[SourceVersion "1"]
[SourceVersionDate "2024.02.14"]
[SourceQuality "1"]

1. d4 d5 2. Nf3 Nf6 3. Bf4 e6 4. e3 c5 5. Nbd2 Nc6 6. c3 Bd6 7. Bg3 0-0 8. Bb5 cxd4 9. exd4 a6 10. Bd3 Qc7 11. 0-0 Bxg3 12. hxg3 b5 13. a3 Na5 14. Re1 Nc4 15. Qc2 h6 16. Ne5 Nd7 17. Ndf3 Ndxe5 18. Nxe5 Bd7 19. Re2 Nxe5 20. Rxe5 a5 21. g4 f6 22. Re3 b4 23. axb4 axb4 24. Rae1 bxc3 25. bxc3 Rfc8 26. Bh7+ Kh8 27. Bg6 Qf4 28. Qe2 Ra3 29. Rxe6 Bxe6 30. Qxe6 Raa8 31. g3 Qd2 32. Re3 Rf8 33. Qxd5 Ra2 34. Qf5 Ra1+ 35. Kg2 Qd1 0-1

[Event "Titled Tuesday intern op 06th Feb Late"]
[Site "Chess.com INT"]
[Date "2024.02.06"]
[Round "4"]
[White "Zhigalko, Sergei"]
[Black "Jaskolka, Tomasz"]
[Result "1-0"]
[WhiteElo "2572"]
[BlackElo "2241"]
[PlyCount "80"]
[EventDate "2024.02.06"]
[EventType "swiss (blitz)"]
[EventRounds "11"]
[EventCountry "USA"]
[SourceTitle "CB07_2024"]
[SourceDate "2024.02.14"]
[SourceVersion "1"]
[SourceVersionDate "2024.02.14"]
[SourceQuality "1"]

1. e4 d5 2. exd5 Nf6 3. d4 Bg4 4. Bb5+ Nbd7 5. Be2 Bxe2 6. Qxe2 Nxd5 7. c4 N5f6 8. Nf3 e6 9. 0-0 c6 10. Bf4 Be7 11. Nc3 0-0 12. Rad1 Qa5 13. h3 Bb4 14. Rd3 Rfd8 15. Rfd1 h6 16. Ne5 Nxe5 17. Bxe5 Be7 18. Rg3 Kf8 19. Ne4 Ne8 20. a3 f6 21. Bf4 Qf5 22. Rf3 Qg6 23. Nc3 Qf7 24. Re3 Bd6 25. Bxd6+ Nxd6 26. Rxe6 Re8 27. d5 cxd5 28. cxd5 Nf5 29. Qc4 Rec8 30. Qe4 Qg6 31. d6 Rd8 32. d7 a6 33. Ne2 a5 34. Nf4 Qg5 35. Rb6 Nh4 36. Ne6+ Kf7 37. Nxg5+ hxg5 38. Qd5+ Kg6 39. g3 Nf5 40. Qd3 g4 1-0

[Event "Krakow op-A 34th"]
[Site "Krakow"]
[Date "2024.01.04"]
[Round "9"]
[White "Jaskolka, Tomasz"]
[Black "Suder, Jakub"]
[Result "0-1"]
[WhiteElo "2222"]
[BlackElo "2312"]
[PlyCount "108"]
[EventDate "2023.12.27"]
[EventType "swiss"]
[EventRounds "9"]
[EventCountry "POL"]
[SourceTitle "CB02_2024"]
[SourceDate "2024.01.10"]
[SourceVersion "1"]
[SourceVersionDate "2024.01.10"]
[SourceQuality "1"]

1. d4 d5 2. c4 dxc4 3. Nf3 a6 4. e3 Bg4 5. Bxc4 e6 6. h3 Bh5 7. Nc3 Nf6 8. 0-0 Nc6 9. Re1 Be7 10. g4 Bg6 11. e4 0-0 12. Bb3 h6 13. a3 Bh7 14. Bc2 Re8 15. Be3 Bf8 16. Qd2 Nd7 17. Rad1 e5 18. d5 Na5 19. Qe2 b5 20. g5 Nc4 21. gxh6 Nxe3 22. Qxe3 Bc5 23. Qc1 Qf6 24. Rd3 gxh6 25. Kh2 Kh8 26. b4 Bd6 27. Rg1 Rg8 28. Rg3 Rae8 29. Kg2 Rg7 30. Nh2 Qf4 31. Qe1 Qh4 32. Rxg7 Kxg7 33. Rg3+ Kh8 34. f3 f5 35. Kf1 Qh5 36. Kg2 Nf6 37. Qf2 f4 38. Rg4 Nxg4 39. hxg4 Qg5 40. Kf1 Bg6 41. Nd1 Ra8 42. Qe1 Be8 43. Bb3 Bd7 44. Kg2 h5 45. Nf2 Qh4 46. Nd3 Qxe1 47. Nxe1 hxg4 48. Nxg4 Bxg4 49. fxg4 a5 50. Nc2 Kg7 51. Kf3 Kf6 52. Kg2 Kg5 53. Kf3 axb4 54. axb4 Rh8 0-1

[Event "Krakow op-A 34th"]
[Site "Krakow"]
[Date "2023.12.30"]
[Round "4"]
[White "Katsanis, Vasileios Dimitrios"]
[Black "Jaskolka, Tomasz"]
[Result "0-1"]
[WhiteElo "2133"]
[BlackElo "2222"]
[PlyCount "98"]
[EventDate "2023.12.27"]
[EventType "swiss"]
[EventRounds "9"]
[EventCountry "POL"]
[SourceTitle "CB02_2024"]
[SourceDate "2024.01.10"]
[SourceVersion "1"]
[SourceVersionDate "2024.01.10"]
[SourceQuality "1"]

1. d4 d5 2. Nf3 e6 3. c4 c6 4. cxd5 exd5 5. Nc3 Bd6 6. Qc2 h6 7. g3 Nf6 8. Bf4 0-0 9. Bxd6 Qxd6 10. Bg2 Re8 11. 0-0 Nbd7 12. Rac1 Qe7 13. Rfd1 Ne4 14. e3 Nd6 15. b3 Nf6 16. Ne5 h5 17. h4 Ng4 18. Nxg4 hxg4 19. Bf1 g5 20. hxg5 Qxg5 21. Bd3 Bf5 22. Kg2 Re6 23. Bxf5 Nxf5 24. e4 dxe4 25. Nxe4 Qh5 26. Rh1 Qg6 27. Nc5 Re7 28. Qc3 Qf6 29. Rce1 Rae8 30. Qd2 Nxd4 31. Rxe7 Rxe7 32. Rh4 Kf8 33. Qe3 Nf5 34. Qd3 Nxh4+ 35. gxh4 Qf3+ 36. Qxf3 gxf3+ 37. Kxf3 b6 38. Ne4 c5 39. Kf4 Rc7 40. Nd6 Ke7 41. Nf5+ Kf6 42. Ne3 Rd7 43. Ng4+ Kg7 44. Ke3 Rd1 45. Ne5 Ra1 46. f4 Rxa2 47. Kd3 Rh2 48. Nc6 Rxh4 49. Nxa7 Rxf4 0-1

[Event "Krakow op-A 34th"]
[Site "Krakow"]
[Date "2023.12.29"]
[Round "3"]
[White "Jaskolka, Tomasz"]
[Black "Babiarz, Arkadiusz"]
[Result "0-1"]
[WhiteElo "2222"]
[BlackElo "2129"]
[PlyCount "150"]
[EventDate "2023.12.27"]
[EventType "swiss"]
[EventRounds "9"]
[EventCountry "POL"]
[SourceTitle "CB02_2024"]
[SourceDate "2024.01.10"]
[SourceVersion "1"]
[SourceVersionDate "2024.01.10"]
[SourceQuality "1"]

1. d4 d5 2. c4 e6 3. Nf3 dxc4 4. e3 Nf6 5. Bxc4 a6 6. 0-0 c5 7. Be2 Nc6 8. dxc5 Qxd1 9. Rxd1 Bxc5 10. b3 0-0 11. Bb2 Nd5 12. Nbd2 Rd8 13. Rac1 Be7 14. Ne4 Bd7 15. Nc5 Bxc5 16. Rxc5 Be8 17. Rc4 f6 18. Nd4 Nb6 19. Rcc1 e5 20. Ne6 Rxd1+ 21. Rxd1 Bf7 22. Nc5 Rd8 23. Nxb7 Rxd1+ 24. Bxd1 Nb4 25. Nc5 Nxa2 26. Nxa6 Kf8 27. Kf1 Ke7 28. Ke1 Kd7 29. Kd2 Kc6 30. Ba3 Nd5 31. Nc5 Nac3 32. Bc2 Nb5 33. Bxh7 Nxa3 34. Ne4 Nb5 35. g4 g6 36. h4 Nd6 37. Ng3 Ne7 38. f4 Bxb3 39. h5 g5 40. fxe5 fxe5 41. Bd3 Ng8 42. Nf1 Nh6 43. Nh2 e4 44. Be2 Be6 45. Ke1 Kc5 46. Kf2 Kb4 47. Nf1 Kc3 48. Ng3 Bxg4 49. Bf1 Bf3 50. Bh3 Ndf7 51. Bc8 Ne5 52. Nf1 Bxh5 53. Ba6 Bf7 54. Bb7 Kd3 55. Ng3 Nhg4+ 56. Kg1 Bg6 57. Nf1 Nf3+ 58. Kh1 Ke2 59. Ng3+ Kxe3 60. Kg2 Nd2 61. Kh3 Ne5 62. Kg2 Kd3 63. Ba6+ Ndc4 64. Kf2 e3+ 65. Kg1 Kd2 66. Kg2 e2 67. Nxe2 Kxe2 68. Bb7 Nd6 69. Ba6+ Ke3 70. Kg3 Ne4+ 71. Kg2 Bh5 72. Bb7 Bf3+ 73. Kh2 Kf2 74. Bc8 Bg2 75. Bd7 Nf3# 0-1